000 00655nam a2200193Ia 4500
005 20250508150240.0
008 008 250505s9999 xx 000 0 eng d
037 _aTextual
040 _aFEDL
_beng
_cFEDL
041 _aeng
_2eng
084 _a312.940, MYR
_qFEDL
100 _aMyrdal Alva
_9118289
245 0 _aNation and family : The Swedish experiment in democratic family and population policy
260 _aLondon, UK
_bKegan Paul, Trench, Trubner and Co. Ltd
_c1947
300 _axiv,441p.
490 _aInternational library of socilogy and social reconstruction
942 _cTEXL
_h312.940, MYR
999 _c1322630
_d1322630